000 00483nam a2200157Ia 4500
008 090124s9999 xx 000 0 und d
082 _b40683
245 _a अमृतवाणी
250 _a0
260 _b"य़ुनिव्हर्सल पब्लिकेशन्स, कोल्हापुर"
_c1985
300 _a60
630 _a अमृतवाणी
700 _aशंकर व्ही.
730 _a अमृतवाणी
942 _cBOOK
999 _c106446
_d106446